[Event "Egypt Open 2016"]
[Site "Eastern Company Club"]
[Date "2016.04.24"]
[Round "3"]
[Board "23"]
[White "Hussein, Hany"]
[Black "Sameeh, Hany"]
[Result "0-1"]
[WhiteElo "2037"]
[BlackElo "2180"]
[PlyCount "99"]
[EventDate "2016.04.22"]
[EventRounds "9"]
[EventCountry "EGY"]

1. Nf3 Nf6 2. d4 g6 3. Nbd2 d5 4. e3 c5 5. c3 cxd4 6. exd4 Bg7 7. Bd3 O-O 8. h3
Nc6 9. O-O Nh5 10. Nb3 Qd6 11. Re1 Nf4 12. Bf1 h6 13. Ne5 Ne6 14. Nd3 b6 15.
Qf3 Rd8 16. Bd2 a5 17. Rad1 a4 18. Nbc1 Ba6 19. Ne5 Nxe5 20. dxe5 Qc7 21. Bxa6
Rxa6 22. Be3 a3 23. b3 Qxc3 24. Qe2 Qc8 25. Nd3 d4 26. Bc1 Qb7 27. Nb4 Ra5 28.
f4 Rc8 29. Nc2 b5 30. Qd2 Qb6 31. Kh1 h5 32. Nb4 Raa8 33. Qd3 Rd8 34. Bd2 Nc5
35. Qf3 Rac8 36. f5 gxf5 37. Qxf5 Qg6 38. Qf3 Kh7 39. Nd5 Rd7 40. Nf4 Qf5 41.
g4 hxg4 42. hxg4 Qc2 43. g5 Qf5 44. Re2 Kg8 45. Rh2 Ne4 46. Rg1 Bxe5 47. g6
Nxd2 48. gxf7+ Kxf7 49. Rg4 Rh8 50. Kg2 0-1

[Event "Egypt Open 2016"]
[Site "Eastern Company Club"]
[Date "2016.04.24"]
[Round "3"]
[Board "24"]
[White "Abdin, Saiid"]
[Black "Sayed Hassan, Mohamed"]
[Result "0-1"]
[WhiteElo "1969"]
[BlackElo "2177"]
[PlyCount "102"]
[EventDate "2016.04.22"]
[EventRounds "9"]
[EventCountry "EGY"]

1. e4 d5 2. exd5 Nf6 3. c4 c6 4. dxc6 Nxc6 5. Nf3 e5 6. d3 Bc5 7. Be2 O-O 8.
O-O h6 9. a3 a5 10. Nc3 Bf5 11. Qc2 Re8 12. Ne4 Nxe4 13. dxe4 Bg4 14. h3 Bxf3
15. Bxf3 Qb6 16. Rb1 Rad8 17. Bh5 g6 18. Bd1 Kg7 19. Bd2 Rxd2 20. Qxd2 Bxa3 21.
Ba4 Bb4 22. Qd5 Bc5 23. Bxc6 bxc6 24. Qd3 Re6 25. Qg3 Bd4 26. b3 Rf6 27. Kh1
Rf4 28. f3 c5 29. Qe1 g5 30. g3 Rf6 31. Kg2 Qc7 32. Qd2 Qd8 33. Ra1 Ra6 34. Ra2
Qb8 35. Qd3 Rb6 36. Rb1 Qa8 37. g4 Rb4 38. h4 gxh4 39. Kh1 a4 40. bxa4 Rxa4 41.
Rxa4 Qxa4 42. Qb3 Qa5 43. Rd1 Qd8 44. Kg2 Qg5 45. Qd3 Qf4 46. Kh1 Bf2 47. Rd2
Be3 48. Rg2 h3 49. Qf1 hxg2+ 50. Qxg2 Bd4 51. Qf1 Qg3 0-1

[Event "Egypt Open 2016"]
[Site "Eastern Company Club"]
[Date "2016.04.24"]
[Round "3"]
[Board "36"]
[White "El Amary, Kamal"]
[Black "Elbolok, Mohamed"]
[Result "1/2-1/2"]
[WhiteElo "2281"]
[BlackElo "1880"]
[PlyCount "104"]
[EventDate "2016.04.22"]
[EventRounds "9"]
[EventCountry "EGY"]

1. d4 Nf6 2. Nf3 g6 3. g3 Bg7 4. Bg2 O-O 5. O-O d5 6. c4 c6 7. cxd5 cxd5 8. Nc3
Nc6 9. Ne5 e6 10. Nxc6 bxc6 11. Na4 Nd7 12. Be3 Rb8 13. Rc1 Bb7 14. b3 Rc8 15.
Qd2 Ba8 16. Rc2 Qe7 17. Qa5 Nf6 18. f3 Rfe8 19. Rd1 h6 20. Qd2 Kh7 21. Nc5 Nd7
22. Nd3 f5 23. f4 Nf6 24. Kh1 Ne4 25. Qa5 h5 26. Ne5 Qc7 27. Qxc7 Rxc7 28. Rdc1
Bf8 29. Bxe4 fxe4 30. Nxc6 Ba3 31. Ne5 Rce7 32. Rb1 Bd6 33. b4 Bxe5 34. dxe5 d4
35. Bxd4 e3+ 36. Kg1 Be4 37. Rbc1 Bxc2 38. Rxc2 Rg7 39. a3 a5 40. b5 Rb8 41. a4
Rd7 42. Rc4 g5 43. fxg5 Rf7 44. Kg2 Rf2+ 45. Kh3 Rxe2 46. b6 Re1 47. g4 Rh1 48.
Kh4 hxg4 49. Kxg4 Rxh2 50. Kf3 Rh3+ 51. Ke4 e2 52. Rc1 Kg6 1/2-1/2

[Event "Egypt Open 2016"]
[Site "Eastern Company Club"]
[Date "2016.04.24"]
[Round "3"]
[Board "37"]
[White "Himdan, Maher"]
[Black "Abdallah, Wesam"]
[Result "1-0"]
[WhiteElo "2228"]
[BlackElo "1855"]
[PlyCount "147"]
[EventDate "2016.04.22"]
[EventRounds "9"]
[EventCountry "EGY"]

1. e4 c5 2. Nf3 e6 3. d4 cxd4 4. Nxd4 Nc6 5. Nb5 d6 6. c4 a6 7. N5c3 Nf6 8. Be2
Be7 9. Be3 Bd7 10. O-O O-O 11. f4 Qc7 12. g4 Ne8 13. Nd2 Nd8 14. Rc1 b6 15. Qb3
Rb8 16. Qa3 Bc8 17. Qb3 Nf6 18. Qd1 Nb7 19. g5 Ne8 20. Qe1 g6 21. h4 Ng7 22.
Rf2 f5 23. gxf6 Bxf6 24. Rg2 Kh8 25. Nf3 Nc5 26. b4 Bxc3 27. Qxc3 Nxe4 28. Qd4
Nf6 29. Bd2 Nf5 30. Qd3 Bb7 31. Rh2 Be4 32. Qc3 Kg8 33. Ng5 Rbe8 34. h5 Qg7 35.
hxg6 h6 36. Nxe4 Nxe4 37. Qxg7+ Kxg7 38. Be1 Nd4 39. Rd1 Nxe2+ 40. Rxe2 Rxf4
41. Kh2 Kxg6 42. Rd3 Rc8 43. Ra3 Rxc4 44. Rxa6 Rc6 45. b5 Rc5 46. Rxb6 Rg5 47.
Rg2 Rh4+ 48. Kg1 Rxg2+ 49. Kxg2 Nc5 50. a4 Rxa4 51. Rb8 Rg4+ 52. Kf1 Rf4+ 53.
Bf2 Nd3 54. b6 Nc5 55. b7 Rb4 56. Rg8+ Kf5 57. b8=Q Rxb8 58. Rxb8 d5 59. Bd4
Ne4 60. Rf8+ Kg6 61. Kg2 h5 62. Kf3 h4 63. Kg4 h3 64. Kxh3 Kg5 65. Rf1 Nd6 66.
Be5 Ne4 67. Rf8 Kg6 68. Kg4 Nc5 69. Rf6+ Kh7 70. Kh5 Kg8 71. Kg6 Nb7 72. Rf1
Nc5 73. Kf6 Nd3 74. Kxe6 1-0

[Event "Egypt Open 2016"]
[Site "Eastern Company Club"]
[Date "2016.04.24"]
[Round "3"]
[Board "38"]
[White "Ismail, Hamed"]
[Black "Aly, Ahmed Shereif"]
[Result "1/2-1/2"]
[WhiteElo "2171"]
[BlackElo "1851"]
[PlyCount "85"]
[EventDate "2016.04.22"]
[EventRounds "9"]
[EventCountry "EGY"]

1. d4 g6 2. c4 Bg7 3. Nc3 e6 4. e4 Ne7 5. f3 O-O 6. Be3 d6 7. Nge2 b6 8. Qd2
Ba6 9. Nc1 c5 10. Nb3 Nbc6 11. Rc1 f5 12. Be2 cxd4 13. Nxd4 Nxd4 14. Bxd4 Bxd4
15. Qxd4 Nc6 16. Qd2 Qe7 17. O-O f4 18. Rfd1 Rad8 19. Qc2 Bb7 20. Rd2 Ne5 21.
Rcd1 Bc6 22. Qb3 Rd7 23. a4 Rfd8 24. Qb4 Nf7 25. a5 Rb8 26. Bf1 Qd8 27. a6 Qe7
28. Ne2 e5 29. Nc3 Qe6 30. Bd3 g5 31. Kh1 h5 32. Bc2 Rc8 33. Bb3 Qg6 34. Nb5
Bxb5 35. cxb5 Kg7 36. h3 Rc5 37. Bxf7 Kxf7 38. Rd5 Ke7 39. Rxc5 dxc5 40. Rxd7+
Kxd7 41. Qc4 Qe6 42. b3 Qxc4 43. bxc4 1/2-1/2

[Event "Egypt Open 2016"]
[Site "Eastern Company Club"]
[Date "2016.04.24"]
[Round "3"]
[Board "39"]
[White "Abdou, Mohamed Hamdy"]
[Black "El Eryan, Emad"]
[Result "1-0"]
[WhiteElo "2102"]
[BlackElo "1842"]
[PlyCount "58"]
[EventDate "2016.04.22"]
[EventRounds "9"]
[EventCountry "EGY"]

1. c4 e5 2. g3 Nf6 3. Bg2 d5 4. cxd5 Nxd5 5. Nc3 Nxc3 6. bxc3 Nc6 7. e3 Qd3 8.
Qa4 Bd7 9. Be4 Qd6 10. Qc2 Be7 11. Rb1 Rb8 12. h4 h6 13. Ne2 O-O 14. Bg2 f5 15.
d4 e4 16. O-O Nd8 17. f3 exf3 18. Rxf3 b6 19. e4 fxe4 20. Rxf8+ Bxf8 21. Bf4
Qe7 22. Bxc7 Rc8 23. Bxd8 Rxd8 24. Bxe4 Re8 25. Bd5+ Kh8 26. Nf4 Qe3+ 27. Kg2
g5 28. hxg5 Bd6 29. Rh1 Bf8 1-0

[Event "Egypt Open 2016"]
[Site "Eastern Company Club"]
[Date "2016.04.24"]
[Round "3"]
[Board "40"]
[White "Ibrahim, Hosam"]
[Black "Amer, Mohamed M."]
[Result "1-0"]
[WhiteElo "2097"]
[BlackElo "1840"]
[PlyCount "39"]
[EventDate "2016.04.22"]
[EventRounds "9"]
[EventCountry "EGY"]

1. e4 e5 2. Nf3 Nc6 3. d4 exd4 4. Nxd4 Bc5 5. Nxc6 bxc6 6. Bd3 Qf6 7. O-O d6 8.
Nc3 Rb8 9. Na4 Bb4 10. c3 Ba5 11. Qh5 Bb6 12. Nxb6 cxb6 13. f4 Qg6 14. Qf3 Qg4
15. Qf2 Qd7 16. f5 f6 17. Bf4 Nh6 18. Qg3 Bb7 19. Bxd6 Rc8 20. Rae1 1-0

[Event "Egypt Open 2016"]
[Site "Eastern Company Club"]
[Date "2016.04.24"]
[Round "3"]
[Board "41"]
[White "Elsherbeny, Ibrahim"]
[Black "Hamam, Mahmoud"]
[Result "0-1"]
[WhiteElo "1829"]
[BlackElo "2090"]
[PlyCount "70"]
[EventDate "2016.04.22"]
[EventRounds "9"]
[EventCountry "EGY"]

1. e4 e5 2. Bc4 Nf6 3. Nc3 c6 4. Nf3 d6 5. d4 exd4 6. Qxd4 Be7 7. Bf4 O-O 8.
O-O-O b5 9. Be2 Qa5 10. Bxd6 Bxd6 11. Qxd6 b4 12. Nb1 Nxe4 13. Qd4 Bf5 14. Bc4
Nd7 15. g4 Bg6 16. Qxd7 Nxf2 17. Nbd2 Nxh1 18. Rxh1 Rad8 19. Qe7 Rfe8 20. Qg5
Qb6 21. h4 b3 22. axb3 Qf2 23. h5 Be4 24. Rf1 Bxf3 25. Bxf7+ Kxf7 26. Qf4+ Kg8
27. Qxf3 Qxd2+ 28. Kb1 Rf8 29. Qh1 Rxf1+ 30. Qxf1 Qd1+ 31. Qxd1 Rxd1+ 32. Ka2
Rg1 33. c4 Rxg4 34. Ka3 Rh4 35. Ka4 Rxh5 0-1

[Event "Egypt Open 2016"]
[Site "Eastern Company Club"]
[Date "2016.04.24"]
[Round "3"]
[Board "42"]
[White "Kamel, Nabil"]
[Black "Moustafa, Haysam"]
[Result "1-0"]
[WhiteElo "2085"]
[BlackElo "1840"]
[PlyCount "49"]
[EventDate "2016.04.22"]
[EventRounds "9"]
[EventCountry "EGY"]

1. e4 g5 2. d4 g4 3. c4 Nc6 4. Nc3 d6 5. f4 e5 6. d5 Nd4 7. Be3 Bg7 8. fxe5
dxe5 9. Nge2 c5 10. dxc6 bxc6 11. Ng3 h5 12. Qa4 Bd7 13. Nf5 Nxf5 14. exf5 Ne7
15. Bd3 Rc8 16. O-O Bh6 17. Bc5 Bf4 18. g3 Nxf5 19. Bxf5 Bxf5 20. Rad1 Qc7 21.
gxf4 exf4 22. Rfe1+ Be6 23. Ne4 Rh6 24. Nd6+ Qxd6 25. Bxd6 1-0

[Event "Egypt Open 2016"]
[Site "Eastern Company Club"]
[Date "2016.04.24"]
[Round "3"]
[Board "43"]
[White "Aly, Magdy"]
[Black "El Shenawy, Ashraf"]
[Result "0-1"]
[WhiteElo "1824"]
[BlackElo "2072"]
[PlyCount "88"]
[EventDate "2016.04.22"]
[EventRounds "9"]
[EventCountry "EGY"]

1. c4 e6 2. Nf3 d5 3. g3 Nf6 4. Bg2 Be7 5. O-O c6 6. b3 a5 7. Bb2 O-O 8. Qc2 h6
9. d3 c5 10. cxd5 exd5 11. d4 b6 12. Rd1 Nc6 13. Nc3 Nb4 14. Qb1 Re8 15. dxc5
bxc5 16. a3 Nc6 17. Na4 Qc7 18. Qc2 Ba6 19. Rac1 c4 20. Bxf6 Bxf6 21. Rxd5 cxb3
22. Qxc6 Qxc6 23. Rxc6 Bb7 24. Rxf6 Bxd5 25. Rd6 Rad8 26. Rxd8 Rxd8 27. Ne1 Bc4
28. Nc3 Bxe2 29. Nxe2 Rd1 30. Kf1 b2 31. Nc3 Rc1 32. Be4 Rxc3 33. Ke2 Rc1 34.
Kd2 Ra1 35. h4 Kf8 36. Bc2 b1=Q 37. Bxb1 Rxb1 38. Nc2 Rb3 39. Ke2 a4 40. Kd2 h5
41. Ke2 f6 42. Kd2 Kf7 43. Ke2 g5 44. hxg5 fxg5 0-1

[Event "Egypt Open 2016"]
[Site "Eastern Company Club"]
[Date "2016.04.24"]
[Round "3"]
[Board "44"]
[White "Roshdy, Mohamed"]
[Black "Imam, Ashraf"]
[Result "0-1"]
[WhiteElo "1801"]
[BlackElo "2061"]
[PlyCount "65"]
[EventDate "2016.04.22"]
[EventRounds "9"]
[EventCountry "EGY"]

1. Nf3 d5 2. d4 c5 3. e3 Nc6 4. Be2 Nf6 5. O-O Bg4 6. h3 Bxf3 7. Bxf3 e6 8. Nc3
a6 9. a3 Be7 10. dxc5 Bxc5 11. b4 Ba7 12. Bb2 O-O 13. Ne2 Rc8 14. Ng3 Nd7 15.
Rc1 Nde5 16. Be2 Qg5 17. Kh2 Qh6 18. c4 dxc4 19. Bxc4 Bb8 20. Bb3 Rcd8 21. Qe2
Nd3 22. Rxc6 bxc6 23. Bd4 Ne5 24. f4 Ng6 25. Qxa6 Nxf4 26. Bxg7 Kxg7 27. exf4
Bxf4 28. Qxc6 Rd3 29. Rf3 Rfd8 30. Qe4 Rxf3 31. Qxf3 Qg5 32. Bc4 h5 33. b5 0-1

[Event "Egypt Open 2016"]
[Site "Eastern Company Club"]
[Date "2016.04.24"]
[Round "3"]
[Board "45"]
[White "Anwar, Ashraf"]
[Black "Aly Ahmed, Hassan"]
[Result "1-0"]
[WhiteElo "2060"]
[BlackElo "1829"]
[PlyCount "54"]
[EventDate "2016.04.22"]
[EventRounds "9"]
[EventCountry "EGY"]

1. e4 e5 2. Nf3 Nc6 3. d4 exd4 4. Bc4 h6 5. O-O d6 6. c3 dxc3 7. Nxc3 Nf6 8.
Qb3 Qe7 9. Nd5 Qd8 10. Bd2 Ne5 11. Nxe5 dxe5 12. Ba5 Bd6 13. Nxc7+ Bxc7 14.
Bxf7+ Ke7 15. Rad1 Bxa5 16. Rxd8 Bxd8 17. Bc4 Bc7 18. Rc1 Rd8 19. Qg3 g5 20.
Bb3 Bd6 21. h4 Nxe4 22. Qe3 Bf5 23. hxg5 hxg5 24. f3 Nf6 25. Qxg5 Rf8 26. Qxf5
Ne8 27. Qe6+ Kd8 1-0

[Event "Egypt Open 2016"]
[Site "Eastern Company Club"]
[Date "2016.04.24"]
[Round "3"]
[Board "46"]
[White "Tarek, Mohamed"]
[Black "Abdel Aziem, Ahmed Fatehy"]
[Result "1-0"]
[WhiteElo "1786"]
[BlackElo "2051"]
[PlyCount "105"]
[EventDate "2016.04.22"]
[EventRounds "9"]
[EventCountry "EGY"]

1. Nf3 Nc6 2. d4 d5 3. c4 e6 4. Nc3 Nf6 5. Bf4 Bb4 6. a3 Bxc3+ 7. bxc3 dxc4 8.
e3 Nd5 9. Bg5 f6 10. Bh4 b5 11. Qc2 Nb6 12. Be2 O-O 13. O-O Ne7 14. e4 Bb7 15.
Nd2 Qe8 16. f4 f5 17. Bxe7 Qxe7 18. Bf3 c5 19. Rae1 cxd4 20. cxd4 Qxa3 21. exf5
Bxf3 22. Rxf3 Qd6 23. fxe6 Qxd4+ 24. Kh1 Rxf4 25. Rh3 h6 26. e7 Re8 27. Rhe3
Nd5 28. R3e2 Rxe7 29. Nf3 Qf6 30. Qd2 Kh7 31. Qxd5 Rxe2 32. Rxe2 b4 33. h3 b3
34. Qd2 Rxf3 35. gxf3 Qxf3+ 36. Rg2 Qxh3+ 37. Kg1 Qh4 38. Qc3 g5 39. Qe5 Qf4
40. Qe7+ Kg6 41. Qe8+ Kg7 42. Qd7+ Kg6 43. Qc6+ Kg7 44. Qd7+ Qf7 45. Qc6 Qe7
46. Qb5 Kg8 47. Rf2 Qe4 48. Qa6 h5 49. Qf6 c3 50. Qf7+ Kh8 51. Qf8+ Kh7 52.
Rf7+ Kg6 53. Qg8+ 1-0

[Event "Egypt Open 2016"]
[Site "Eastern Company Club"]
[Date "2016.04.24"]
[Round "3"]
[Board "47"]
[White "Hassan, Moustafa Mohamed"]
[Black "Yaser, Kareim"]
[Result "0-1"]
[WhiteElo "1785"]
[BlackElo "2032"]
[PlyCount "71"]
[EventDate "2016.04.22"]
[EventRounds "9"]
[EventCountry "EGY"]

1. e4 c5 2. Nc3 d6 3. h3 Nf6 4. Nf3 e6 5. d4 cxd4 6. Nxd4 Nbd7 7. Bc4 Nc5 8.
Qe2 a6 9. a4 Be7 10. f3 Nh5 11. Rg1 Bh4+ 12. Kd1 Ng3 13. Qe3 O-O 14. Nce2 d5
15. Bd3 e5 16. Nf5 Nxd3 17. cxd3 Nxf5 18. exf5 Bxf5 19. g4 Bg6 20. g5 f6 21.
gxf6 Qxf6 22. f4 exf4 23. Nxf4 Rae8 24. Qf3 Re5 25. Qh1 Bg5 26. Nxg6 Qxg6 27.
Rg3 Qh5+ 28. Kc2 Qe2+ 29. Kb3 Rf2 30. Qg1 Qc2+ 31. Ka3 Be7+ 32. Ka2 Qxa4+ 33.
Kb1 Qc2+ 34. Ka2 Bf6 35. Rg4 Rg5 36. Rxg5 0-1

[Event "Egypt Open 2016"]
[Site "Eastern Company Club"]
[Date "2016.04.24"]
[Round "3"]
[Board "48"]
[White "Kamal Abdel Fadil, Wael"]
[Black "Adel, Ehab"]
[Result "1-0"]
[WhiteElo "2031"]
[BlackElo "1828"]
[PlyCount "104"]
[EventDate "2016.04.22"]
[EventRounds "9"]
[EventCountry "EGY"]

1. e4 c5 2. Bc4 Nc6 3. Nc3 e6 4. d3 Nf6 5. Bg5 Be7 6. Nge2 O-O 7. O-O a6 8. Bb3
Qc7 9. Bf4 d6 10. h3 b5 11. a3 Bb7 12. Ba2 Rac8 13. Bh2 b4 14. Nb1 Qb6 15. a4
e5 16. Nd2 Nd4 17. Ng3 g6 18. c3 Ne6 19. Ne2 Nh5 20. Bxe6 fxe6 21. Qb3 Ng7 22.
Nc4 Qc7 23. cxb4 cxb4 24. Rac1 Bg5 25. Ne3 Qb6 26. Rxc8 Rxc8 27. Nc4 Qc7 28.
Qxb4 Be7 29. Qb3 Bc6 30. f4 Rb8 31. Qc2 exf4 32. Bxf4 e5 33. Be3 Bd7 34. Nc3
Be6 35. b3 Qb7 36. Nb6 Qc6 37. a5 Rb7 38. Rc1 Rc7 39. Qb2 Qb7 40. Ncd5 Rxc1+
41. Qxc1 Bd8 42. Qc3 Nh5 43. Bf2 Qf7 44. d4 Bxd5 45. Nxd5 exd4 46. Bxd4 Qd7 47.
b4 Bh4 48. Qc7 Qxc7 49. Nxc7 Be1 50. b5 Ng3 51. Bf2 Bxf2+ 52. Kxf2 Nxe4+ 1-0

[Event "Egypt Open 2016"]
[Site "Eastern Company Club"]
[Date "2016.04.24"]
[Round "3"]
[Board "49"]
[White "Ghoneim, Ahmed Mohamed"]
[Black "Antar, Hossam"]
[Result "1-0"]
[WhiteElo "2026"]
[BlackElo "1818"]
[PlyCount "49"]
[EventDate "2016.04.22"]
[EventRounds "9"]
[EventCountry "EGY"]

1. e4 e6 2. d4 d5 3. Nc3 Bb4 4. e5 c5 5. Bd2 cxd4 6. Nb5 Bc5 7. Qg4 g6 8. b4 h5
9. Qf4 Bf8 10. Nf3 Nc6 11. Ng5 Nh6 12. Rb1 Qb6 13. a4 a6 14. a5 Qd8 15. Nxd4
Bg7 16. Nxc6 bxc6 17. Bd3 O-O 18. Nf3 Qc7 19. Be3 Ng4 20. Bb6 Qb8 21. Bd4 f6
22. Bc5 fxe5 23. Qg5 e4 24. Bxf8 Kxf8 25. Qd8+ 1-0

[Event "Egypt Open 2016"]
[Site "Eastern Company Club"]
[Date "2016.04.24"]
[Round "3"]
[Board "50"]
[White "Hafez, Mohamed"]
[Black "Hussein, Moustafa"]
[Result "1-0"]
[WhiteElo "1782"]
[BlackElo "2016"]
[PlyCount "89"]
[EventDate "2016.04.22"]
[EventRounds "9"]
[EventCountry "EGY"]

1. d4 d5 2. e4 dxe4 3. Nc3 f5 4. Bc4 Nf6 5. Bg5 e6 6. d5 e5 7. g4 Bb4 8. gxf5
Bxf5 9. Nge2 Qd6 10. a3 Ba5 11. b4 Bb6 12. Nb5 Qd7 13. Bxf6 gxf6 14. Ng3 Bg6
15. d6 c6 16. Nh5 Rf8 17. Be6 Qxe6 18. Ng7+ Kf7 19. Nxe6 Kxe6 20. Nc7+ Bxc7 21.
dxc7 Na6 22. Qe2 Nxc7 23. O-O-O Rfd8 24. c4 Rd4 25. Rxd4 exd4 26. Rd1 Rd8 27.
h4 b6 28. h5 Bf5 29. Rg1 Ne8 30. c5 bxc5 31. Qa6 cxb4 32. axb4 Nd6 33. Qxa7 Nb5
34. Qb7 Rd6 35. f4 d3 36. Qc8+ Rd7 37. Qxc6+ Nd6 38. Kd2 Kf7 39. h6 e3+ 40.
Kxe3 Re7+ 41. Kd2 Re2+ 42. Kd1 Ke6 43. Re1 Bg4 44. Rxe2+ dxe2+ 45. Ke1 1-0

[Event "Egypt Open 2016"]
[Site "Eastern Company Club"]
[Date "2016.04.24"]
[Round "3"]
[Board "51"]
[White "Elkady, Moustafa"]
[Black "Al-Zaabi, Sultan"]
[Result "1-0"]
[WhiteElo "2009"]
[BlackElo "1817"]
[PlyCount "79"]
[EventDate "2016.04.22"]
[EventRounds "9"]
[EventCountry "EGY"]

1. d4 Nf6 2. Nf3 g6 3. Bf4 Bg7 4. Nbd2 d5 5. h3 O-O 6. e3 Bf5 7. Be2 b6 8. Rc1
c5 9. c4 Nbd7 10. O-O Re8 11. Qb3 e6 12. Rfd1 Be4 13. Ng5 dxc4 14. Nxc4 Bd5 15.
Qa3 Bxc4 16. Rxc4 Nd5 17. dxc5 bxc5 18. Ne4 Nxf4 19. exf4 Qc7 20. b4 Red8 21.
g3 Bf8 22. bxc5 Nb6 23. Qc3 Rxd1+ 24. Bxd1 Nd5 25. Qc1 Rc8 26. Bf3 a5 27. c6
Nb4 28. Nf6+ Kh8 29. a3 Na6 30. Ne4 Qb6 31. Ng5 Rc7 32. Qc3+ Bg7 33. Qd3 Qb8
34. Rc1 Qc8 35. Rd1 Bf6 36. Ne4 Be7 37. Qd4+ Kg8 38. Nf6+ Bxf6 39. Qxf6 Qf8 40.
Rd8 1-0

[Event "Egypt Open 2016"]
[Site "Eastern Company Club"]
[Date "2016.04.24"]
[Round "3"]
[Board "52"]
[White "Ahmed, Tamer"]
[Black "Amin, Essam"]
[Result "1-0"]
[WhiteElo "2006"]
[BlackElo "1811"]
[PlyCount "73"]
[EventDate "2016.04.22"]
[EventRounds "9"]
[EventCountry "EGY"]

1. d4 d6 2. c4 g6 3. Nc3 Bg7 4. Nf3 Nf6 5. e4 O-O 6. Be2 Nc6 7. O-O Bg4 8. Be3
e5 9. d5 Ne7 10. c5 Ne8 11. Nd2 Bxe2 12. Qxe2 f5 13. f3 f4 14. Bf2 h6 15. Nc4
g5 16. Rac1 b6 17. cxd6 Nxd6 18. a4 h5 19. Nb5 Qd7 20. h3 Rf6 21. Be1 Rb8 22.
Bb4 Rg6 23. Rfd1 a6 24. Nc3 a5 25. Ba3 Nec8 26. Nb5 Bf8 27. Nd2 g4 28. fxg4
hxg4 29. hxg4 Rxg4 30. Rc3 Rh4 31. Nf3 Rg4 32. Rdc1 Ne7 33. Nxe5 Nxd5 34. Rxc7
Nxc7 35. Rxc7 Qe6 36. Qf3 Rg5 37. Qxf4 1-0

[Event "Egypt Open 2016"]
[Site "Eastern Company Club"]
[Date "2016.04.24"]
[Round "3"]
[Board "53"]
[White "Morsy, Elsayed"]
[Black "Ismail, Mohamed"]
[Result "1-0"]
[WhiteElo "2002"]
[BlackElo "1787"]
[PlyCount "87"]
[EventDate "2016.04.22"]
[EventRounds "9"]
[EventCountry "EGY"]

1. e4 e5 2. Nf3 Nc6 3. Bb5 d6 4. d4 Bd7 5. dxe5 Nxe5 6. Nxe5 dxe5 7. Qe2 Bd6 8.
Nc3 Nf6 9. Bg5 c6 10. Bc4 h6 11. Bh4 Qb6 12. O-O-O Be7 13. Bxf6 Bxf6 14. Bxf7+
Ke7 15. Bb3 Rhf8 16. Rhf1 Qc7 17. g3 Rad8 18. Qc4 Qc8 19. Qc5+ Ke8 20. Qxa7 Bg4
21. Rxd8+ Bxd8 22. Qc5 Qc7 23. a4 b6 24. Qc4 Qd6 25. Kb1 Rf6 26. Qg8+ Qf8 27.
Qc4 Kd7 28. f4 Bh3 29. Rd1+ Rd6 30. fxe5 Rxd1+ 31. Nxd1 Qe7 32. Qd4+ Kc7 33.
Ne3 Qd7 34. Qc3 Bg5 35. e6 Bxe6 36. Bxe6 Qxe6 37. Qxg7+ Kb8 38. Qf8+ Ka7 39.
Qf5 Qd6 40. e5 Qd2 41. Nc4 Qd4 42. Qd3 Qc5 43. Qd7+ Kb8 44. Nd6 1-0

[Event "Egypt Open 2016"]
[Site "Eastern Company Club"]
[Date "2016.04.24"]
[Round "3"]
[Board "54"]
[White "Eraqi, Salah"]
[Black "Abdel Hameed, Mazen"]
[Result "0-1"]
[WhiteElo "1775"]
[BlackElo "2000"]
[PlyCount "77"]
[EventDate "2016.04.22"]
[EventRounds "9"]
[EventCountry "EGY"]

1. e4 e6 2. Nf3 d5 3. Nc3 d4 4. Ne2 c5 5. Ng3 g6 6. Bb5+ Bd7 7. Qe2 Bg7 8. e5
Qc7 9. O-O a6 10. Bxd7+ Nxd7 11. Re1 Ne7 12. d3 Nc6 13. Bf4 O-O 14. c3 Nb6 15.
Ne4 dxc3 16. bxc3 Nxe5 17. Bg3 Nd5 18. a3 Qa5 19. c4 Nc3 20. Qe3 Nxe4 21. Qxe4
Rad8 22. Bh4 Rd7 23. Bg5 Rc8 24. Qf4 Re8 25. Bh6 Qc3 26. Bxg7 Kxg7 27. Rad1
Red8 28. Re3 Nc6 29. Kh1 Nd4 30. Ne1 Nf5 31. Rf3 Qd4 32. Qd2 Qg4 33. h3 Qg5 34.
Qe2 Rc8 35. Qe4 Nd4 36. Rg3 Qf5 37. Qe3 Qh5 38. Rg4 Nf5 39. Qg5 0-1

[Event "Egypt Open 2016"]
[Site "Eastern Company Club"]
[Date "2016.04.24"]
[Round "4"]
[Board "1"]
[White "Ahmed, Ali Layth Ahmed"]
[Black "Adly, Ahmed"]
[Result "0-1"]
[WhiteElo "2257"]
[BlackElo "2601"]
[PlyCount "122"]
[EventDate "2016.04.22"]
[EventRounds "9"]
[EventCountry "EGY"]

1. d4 Nf6 2. c4 e6 3. Nf3 Bb4+ 4. Bd2 c5 5. Bxb4 cxb4 6. g3 b6 7. Bg2 Bb7 8.
O-O O-O 9. a3 Qe7 10. Nbd2 d5 11. cxd5 Bxd5 12. Re1 Ne4 13. Ne5 Nxd2 14. Bxd5
exd5 15. Qxd2 f6 16. Nd3 bxa3 17. Rxa3 Nc6 18. Nf4 Qd7 19. e3 Rac8 20. Rc3 Ne7
21. Rec1 Rxc3 22. Rxc3 Rc8 23. Qc2 Rxc3 24. Qxc3 Kf7 25. Qc2 g6 26. Qb3 Ke8 27.
Ne2 Qc6 28. Nc3 Kd7 29. Qd1 Qc4 30. e4 dxe4 31. Nxe4 Nd5 32. Qd2 Kc6 33. h4 a5
34. g4 a4 35. g5 fxg5 36. Nxg5 b5 37. Nf3 Kb6 38. Qg5 Nc7 39. Ne5 Qxd4 40. Qf6+
Kb7 41. Qc6+ Kc8 42. Nf7 Qg4+ 43. Kf1 Qd1+ 44. Kg2 Qd5+ 45. Qxd5 Nxd5 46. Nd6+
Kc7 47. Nxb5+ Kc6 48. Na3 Nf4+ 49. Kf3 Nd3 50. Ke3 Nxb2 51. Kd4 Kd6 52. f3 h5
53. Kc3 Nd1+ 54. Kd2 Nf2 55. Ke3 Nh3 56. Ke4 Ke6 57. Nc2 Kf6 58. f4 Nf2+ 59.
Ke3 Ng4+ 60. Kf3 Nh6 61. Kg3 Nf5+ 0-1

[Event "Egypt Open 2016"]
[Site "Eastern Company Club"]
[Date "2016.04.24"]
[Round "4"]
[Board "3"]
[White "Gabr, Mohsen"]
[Black "Ameir, Moheb"]
[Result "0-1"]
[WhiteElo "2225"]
[BlackElo "2430"]
[PlyCount "116"]
[EventDate "2016.04.22"]
[EventRounds "9"]
[EventCountry "EGY"]

1. d4 Nf6 2. Nf3 g6 3. Bf4 Bg7 4. e3 d6 5. Nbd2 O-O 6. h3 Nbd7 7. Be2 b6 8. O-O
Bb7 9. c3 Re8 10. Qb3 e5 11. Bh2 Qe7 12. Rfd1 e4 13. Ne1 h5 14. Qc2 g5 15. b4
g4 16. hxg4 Nxg4 17. Bxg4 hxg4 18. Rac1 Qh4 19. Bg3 Qh5 20. c4 Re6 21. Qa4 Rh6
22. Kf1 Nf6 23. Ke2 a5 24. b5 Qf5 25. Nf1 Nh5 26. Rd2 Bf8 27. Kd1 Ng7 28. Bf4
Rh7 29. Ng3 Qg6 30. Kc2 Ne6 31. Ne2 Be7 32. Kb1 Bh4 33. Bg3 Bg5 34. Qc2 a4 35.
a3 Ra5 36. Ka2 f5 37. Rb1 Qf7 38. Rdd1 d5 39. Ka1 Qf8 40. Rb4 Rh1 41. Rdb1 Be7
42. Rxa4 Qa8 43. Nc3 dxc4 44. Be5 Bxa3 45. g3 c6 46. Ng2 Rxb1+ 47. Kxb1 cxb5
48. Rxa5 Qxa5 49. Nh4 b4 50. Nd1 Bd5 51. Nxf5 b3 52. Qe2 Bf8 53. Qxg4+ Ng7 54.
Ne7+ Kf7 55. Qg6+ Kxe7 56. Qd6+ Kf7 57. Qd7+ Kg8 58. Nc3 Be6 0-1

[Event "Egypt Open 2016"]
[Site "Eastern Company Club"]
[Date "2016.04.24"]
[Round "4"]
[Board "4"]
[White "Labib, Ibrahim Hasan"]
[Black "Yasseen, Aly"]
[Result "1/2-1/2"]
[WhiteElo "2424"]
[BlackElo "2265"]
[PlyCount "50"]
[EventDate "2016.04.22"]
[EventRounds "9"]
[EventCountry "EGY"]

1. Nf3 c5 2. c4 Nc6 3. Nc3 g6 4. e3 d6 5. d4 Bg4 6. d5 Ne5 7. Be2 Nxf3+ 8. Bxf3
Bxf3 9. Qxf3 Bg7 10. e4 Nf6 11. O-O O-O 12. Bg5 a6 13. Qe2 Rb8 14. e5 dxe5 15.
Qxe5 b5 16. cxb5 axb5 17. Rad1 Re8 18. Rfe1 Qa5 19. d6 b4 20. Ne4 Nd7 21. Qd5
e6 22. Qc6 Qb5 23. Qxb5 Rxb5 24. a4 bxa3 25. bxa3 Ra8 1/2-1/2

[Event "Egypt Open 2016"]
[Site "Eastern Company Club"]
[Date "2016.04.24"]
[Round "4"]
[Board "5"]
[White "Abdel Razik, Khaled"]
[Black "Ezat, Abdallah"]
[Result "1-0"]
[WhiteElo "2392"]
[BlackElo "2239"]
[PlyCount "61"]
[EventDate "2016.04.22"]
[EventRounds "9"]
[EventCountry "EGY"]

1. c4 e6 2. Nf3 Nf6 3. b3 d5 4. Bb2 Bd6 5. g3 Nbd7 6. Bg2 O-O 7. O-O c6 8. Qc2
Qe7 9. Nc3 b6 10. cxd5 exd5 11. Nd4 Nb8 12. e4 Be5 13. Nf3 d4 14. Nxe5 Qxe5 15.
Ne2 c5 16. f4 Qe6 17. e5 Nd5 18. Qe4 Bb7 19. f5 Qc6 20. Qh4 Qc7 21. Nxd4 cxd4
22. f6 Qxe5 23. Bxd4 g5 24. Qg4 h5 25. Rae1 hxg4 26. Rxe5 Rd8 27. Rxg5+ Kf8 28.
Rh5 Ke8 29. Re1+ Kd7 30. Bxd5 Kc8 31. Rc1+ 1-0